000 00848nam a2200205Ii 4500
003 JO-AjNU
008 230605s9999||||xx |||||||||||||| ||und||
040 _aJO-AjNU
_bara
_erda
_cJO-AjNU
041 _aara
050 1 4 _aPJ7866 2012
100 3 _a محاضر محمد، خالد سالم؛ تعقيب عبدالله خلف,
_eauthor
_948564
245 0 0 _aمنارة عبالله الحاتم ومنارة زيد الحرب
264 3 1 _aالكويت: المجلس الوطني للثقافة والفنون والاداب، 2012
300 _a165ص
336 _atext
_btxt
_2rdacontent
337 _aunmediated
_bn
_2rdamedia
338 _avolume
_bnc
_2rdacarrier
490 0 _aمنارات ثقافية كويتية
650 4 _aعبدالله خالد الحاتم - زيد الحرب - ادباء - الكويت - محاضرات
_948565
999 _aA21276
_c24844
_d24844